000 01083nam a22002897a 4500
001 BR9206136
003 BR-BrBNA
005 20230928093650.0
007 ta
008 230509b bl.||||| |||| 00| 0 por d
040 _aBR-BrBNA
_bpor
_cBiblioteca Nacional de Agricultura
041 _a(Por)
072 _aH10
_b3240
_b4020
090 _ 3240 BR9206136
100 1 _aWilcken, C.F.
110 1 _aEscola Superior de Agricultura Luiz de Queiroz, Piracicaba, SP (Brasil)
_0Tese (Mestre em Ciencias)
245 1 _aEstrutura da comunidade de lepidopteros, coletados com armadilhas luminosas, que ocorrem em florestas de Eucalyptus grandis Hill ex Maiden
246 1 _aCommunity structure of Lepidoptera collected with light-traps in Eucalyptus grandis Hill ex Maiden forests
260 3 _aPiracicaba, SP (Brasil):
_c1991.
300 _a74 p.
500 _a37 illus.; 26 tables; Bibliography p. 90-102 (61 ref.); Summaries (Eng, Por)
650 _aEUCALIPTO
650 _aLEPIDOPTERO
650 _aARMADILHA LUMINOSA
909 _a202309
_bLucia
_c55
_dLucia Elande
942 _cBK
999 _c46351
_d46351